Statistics for country capitols (easy)

Click here to take the quiz!

General Stats

  • This quiz has been taken 235 times
    (228 since last reset)
  • The average score is 11 of 13

Answer Stats

country Answer % Correct
United StatesWashington D.C.
98%
FranceParis
97%
JapanTokyo
97%
ItalyRome
95%
United KingdomLondon
95%
RussiaMoscow
92%
GreeceAthens
89%
NetherlandsAmsterdam
87%
ChinaBeijing
86%
EgyptCairo
84%
IsraelJerusalem
78%
AustraliaCanberra
74%
CanadaOttawa
71%

Score Distribution

Percentile by Number Answered

Percent of People with Each Score

Your Score History

You have not taken this quiz since the last reset